000 00395nam a2200157Ia 4500
008 240729s9999 xx 000 0 und d
022 _a2637-3807
245 0 _aPaediatric & Neonatal Pain
260 _aUnited States
260 _bWiley
650 _a Pediatrics
650 _aMedicine
856 _uhttps://doaj.org/toc/2abcf721df714ef8917d0652afb4210f
942 _2ddc
942 _cDOAJEJ
999 _c72573
_d72573
945 _a1
_bMadushi Gamage
_c1
_dMadushi Gamage